| 000 | 01271nam a2200289 a 4500 | ||
|---|---|---|---|
| 001 | 000016120 | ||
| 003 | DO-SdBNP | ||
| 005 | 20251120073732.0 | ||
| 008 | 100226s1980 dr a 000 0 spa d | ||
| 040 |
_aDO-SdBNP _bspa _cBNPHU |
||
| 082 | 4 |
_a305.23 _bS471f _222 |
|
| 111 | 2 |
_aSeminario sobre Formulación de Políticas para la Niñez Dominicana _n(1: _d1980 : _cSanto Domingo) _936112 |
|
| 245 | 1 | 0 | _aPrimer Seminario sobre Formulación de Políticas para la Niñez Dominicana. |
| 260 |
_aSantiago de los Caballeros : _bPUCMM, _c1980. |
||
| 300 |
_a381 p. : _bil. ; _c25 cm. |
||
| 490 | 1 |
_aEstudios; _v57; |
|
| 500 | _aIncluye referencias bibliográficas y notas al pie de las páginas | ||
| 590 | _aInventariado, 2018/VM | ||
| 650 | 4 |
_aNiños _zRepública Dominicana _vCongresos, conferencias, etc. _936113 |
|
| 650 | 4 |
_aNiños _xPolítica gobernamental _vCongresos, conferencias, etc. _936114 |
|
| 650 | 4 |
_aNiños _zRepública Dominicana _xCondiciones sociales _vCongresos, conferencias, etc. _936115 |
|
| 650 | 4 |
_aEducación fundamental _zRepública Dominicana _vCongresos, conferencias, etc. _936116 |
|
| 710 | 2 |
_aPontificia Universidad Católica Madre y Maestra _9843 |
|
| 830 | 0 |
_aEstudios _93854 |
|
| 910 | _aValidado. Control de calidad MFF | ||
| 942 |
_2ddc _cLBS1 |
||
| 999 |
_c15660 _d15660 |
||